Advanced hybrid thin films based on montmorillonite functionalized with perovskite nanostructures [abstract] /

Elmentve itt :
Bibliográfiai részletek
Szerzők: Buzatu Doru
Macarie Corina
Balcu Ionel
Malaescu Iosif
Marin Catalin Nicolae
Sfirloaga Paula
Testületi szerző: 31th International Symposium on Analytical and Environmental Problems
Dokumentumtípus: Könyv része
Megjelent: University of Szeged Szeged 2025
Sorozat:Proceedings of the International Symposium on Analytical and Environmental Problems 31
Kulcsszavak:Fizikai kémia - előadáskivonat, Nanotechnológia - előadáskivonat
Tárgyszavak:
Online Access:http://acta.bibl.u-szeged.hu/88643
LEADER 01192naa a2200277 i 4500
001 acta88643
005 20251107151119.0
008 251107s2025 hu o 100 eng d
020 |a 978-963-688-078-1 
040 |a SZTE Egyetemi Kiadványok Repozitórium  |b hun 
041 |a eng 
100 1 |a Buzatu Doru 
245 1 0 |a Advanced hybrid thin films based on montmorillonite functionalized with perovskite nanostructures   |h [elektronikus dokumentum] :  |b [abstract] /  |c  Buzatu Doru 
260 |a University of Szeged  |b Szeged  |c 2025 
300 |a 118 
490 0 |a Proceedings of the International Symposium on Analytical and Environmental Problems  |v 31 
650 4 |a Természettudományok 
650 4 |a Kémiai tudományok 
695 |a Fizikai kémia - előadáskivonat, Nanotechnológia - előadáskivonat 
700 0 1 |a Macarie Corina  |e aut 
700 0 1 |a Balcu Ionel  |e aut 
700 0 1 |a Malaescu Iosif  |e aut 
700 0 1 |a Marin Catalin Nicolae  |e aut 
700 0 1 |a Sfirloaga Paula  |e aut 
711 |a 31th International Symposium on Analytical and Environmental Problems  |c Szeged  |d 2025. október 13-14. 
856 4 0 |u http://acta.bibl.u-szeged.hu/88643/1/proceedings_of_isaep_2025_118.pdf  |z Dokumentum-elérés